00426cam a2200157ua 45000010005000000080039000050400009000440820008000531000032000612450055000932500009001482600036001573000017001936530014002106530044002243009110921n ii |||gr||||Z||||||asm cMAIN a920 aBorkataky, Biren,eEditor.,11aBezbaroar sahitya alochonaced. by Biren Borkataky a1st. aSibsagarh:bNew book stall,968. a139p:c23cm. aBiography aBiography of Bezbaroar sahitya alochona